000 004060000a22001570004500
060 _a100
082 _a330 REW
100 _aAdarsh, Chand
100 _aKewal, Krishan Dewelt
245 _aModern economic theory: micro and macro analysis
260 _aNew Delhi, Shyam lal charitable trust
260 _c1946
300 _a1242
650 _aMicro economics/ Modern economic theory
942 _cBK
999 _c352100
_d352100